Statistics for NRP

Click here to take the quiz!

General Stats

  • This quiz has been taken 0 times
  • The average score is 0 of 27

Answer Stats

HintAnswer% Correct
1st APGAR assessment1 min after delivery
0%
2nd APGAR assessment2 min after delivery
0%
reassess HR every30 sec
0%
CPR ratio for newborn3:1
0%
SPO2 1 min60-65%
0%
SPO2 2 min65-70%
0%
SPO2 3 min70-75%
0%
SPO2 4 min75-80%
0%
SPO2 5 min80-85%
0%
SPO2 10 min85-95%
0%
HR >60 bpm after PPV or CPRbreathing and HR >100
0%
NRP conditions for PPV
Age <24 hours
HR <100bpm
0%
NRP conditions for CPR
Age <24 hours
HR <60 bpm
After 30 seconds of PPV room air
0%
HR <60 bpm after PPV
CPR
BVM 100% O2
0%
NRP contraindications for PPV
Obviously dead as per BLS PCS
Confirmed gestational age <20 weeks
0%
Term gestation &
Good muscle tone &
Breathing & crying
On going evaluation
warmth, dry
skin to skin contact
0%
no breathing or cryingdry warm stimulate
0%
No response from dry, warm, stimulateevaluate RR and HR
0%
newborn <20 weeks gestationnonviable
0%
NRP contraindications for CPRObviously dead as per BLS PCS
Confirmed gestational age <20 weeks
0%
HR >60 bpm but HR <100 bpmPPV room air
0%
No breathing and HR <100PPV Room Air
0%
no breathing and HR >100PPV Room Air
0%
SPO2 probe on newbornright hand
0%
HR >60 bpm and is breathing and hr >100 bpmsupportive care
0%
Breathing and HR >100 BPMSupportive Care
0%
MR SOPAventilation corrective steps
0%

Score Distribution

Percentile by Number Answered

Percent of People with Each Score

Your Score History

You have not taken this quiz